Building Construction Illustrated 4rd ed., (Record no. 3239)
[ view plain ]
| 000 -LEADER | |
|---|---|
| fixed length control field | 00261nam a2200097Ia 4500 |
| 008 - FIXED-LENGTH DATA ELEMENTS--GENERAL INFORMATION | |
| fixed length control field | 200302s9999 xx 000 0 und d |
| 100 ## - MAIN ENTRY--PERSONAL NAME | |
| Personal name | Francis D. K. Ching |
| 245 ## - TITLE STATEMENT | |
| Title | Building Construction Illustrated 4rd ed., |
| 260 ## - PUBLICATION, DISTRIBUTION, ETC. | |
| Name of publisher, distributor, etc. | John Wiley & Sons Inc. |
| 260 ## - PUBLICATION, DISTRIBUTION, ETC. | |
| Date of publication, distribution, etc. | 2008 |
| Withdrawn status | Lost status | Damaged status | Not for loan | Permanent Location | Current Location | Date acquired | Cost, normal purchase price | Full call number | Barcode | Date last seen | Price effective from | Koha item type | Source of classification or shelving scheme | Total Checkouts | Date last checked out |
|---|---|---|---|---|---|---|---|---|---|---|---|---|---|---|---|
| BMS College of Architecture, Design and Planning | BMS College of Architecture, Design and Planning | 2020-03-03 | 1295.00 | 690 | CL-UG62967 | 2020-03-03 | 2020-03-03 | UG Books from CL | |||||||
| BMS College of Architecture, Design and Planning | BMS College of Architecture, Design and Planning | 2021-02-23 | 690 CHI | AR-UG2142 | 2025-05-28 | 2021-02-23 | UG Books | 3 | 2025-02-04 | ||||||
| BMS College of Architecture, Design and Planning | BMS College of Architecture, Design and Planning | 2021-02-23 | 690 CHI | AR-UG2143 | 2025-10-17 | 2021-02-23 | UG Books | 6 | 2025-10-10 |